000 00398nam a2200157Ia 4500
005 20250701033300.0
008 240331s9999 xx 000 0 und d
020 _a9559525441
082 _bRAJ
_a800
100 _aRajakaruna,T.S
245 0 _aSakayi 1,11, 111
260 _aPagoda
_bNihal Rajakaruna Nayaka
300 _a163 p .,
500 _aSakai 2 - pluver translation - part ii
942 _cL
999 _c4788
_d4788